00743nam a22002177a 4500003000500000005001700005008004100022010001200063020002700075040001900102082002400121100002500145245007300170260003800243300002900281440009500310500004000405538002400445650003000469856002600499NUST20170606125258.0140101b xxu||||| |||| 00| 0 eng d b8081734 cAvailable a0471050148 aDLCbDLCcRCMS a620.004 DHIb001060 aB.S.Dhillon C. Singh aEngineering Reliabilty New Techniques and Applications cDhillon B.S aCanadabJohn Wiley & Sonscc.1981 axix,339,p:bill:c24,cm. aA Voiume on the Wiley Series on Systems Engineering and Analysis,Edited by Harold Chestnut aIncludes bibliographic and index.  iShelf No 1 Row No 3 xReliability (Engineering) 3Table of Content Only